000 01012nam a22002537a 4500
005 20090624154219.0
008 090624t xxu||||| |||| 00| 0 eng d
010 _aENG-94221
020 _a9788184570748
_c550.00
035 _aEN-77754
037 _bDBAD / VEN
040 _adpl
_bEnglish
082 _a371.9
100 _aPrem Prakash
245 _aEducation of exceptional children:
_cby Prem Prakash
_bchallenges and strategies /
260 _aNew Delhi
_bKanishka Publishers, Distributors
_c2008
270 _a4697/5-21A, Ansari Road, Darya Ganj,
_bNew Delhi
_e110002
300 _axv, 231p.
_c22cm(Hb)
500 _aIncludes index
650 _aChildren with disabilities
_xEducation.
942 _2ddc
_cEN
_mPRE
_h371.9
999 _c27862
_d27862